|
|
|
|
| LEADER |
00000cam a2200000 a 4500 |
| 001 |
vtls008365873 |
| 003 |
SK-MaSNL |
| 005 |
20260302074557.0 |
| 008 |
230403s1955 xo a f 000 0 slo |
| 015 |
|
|
|a SNBA19451955-001136
|
| 035 |
|
|
|a SK01SNKBKSFS20010058090
|
| 035 |
|
|
|a urn:nbn:sk:snk-am3i60f
|
| 035 |
|
|
|a D0EB44EE-A36F-4A20-8768-4FA9183EE97C
|
| 035 |
|
|
|a urn:nbn:sk:snk-am00dlb9
|
| 035 |
|
|
|a SKM000060553
|
| 040 |
|
|
|a SNK
|b slo
|c SNK
|e AACR2
|
| 041 |
0 |
|
|a slo
|
| 044 |
|
|
|a xo
|c SK
|
| 080 |
|
|
|a 372.4
|2 1981
|
| 100 |
1 |
|
|a Brťka, Juraj,
|d 1912-1997
|4 aut
|9 159368
|
| 245 |
1 |
0 |
|a Metodika vyučovania v prípravnom ročníku
|c [Juraj Brťka]
|
| 250 |
|
|
|a 1. vydanie
|
| 260 |
|
|
|a Bratislava
|b Slovenské pedagogické nakladateľstvo
|c 1955
|e Martin
|f Severoslov. tlač.
|
| 300 |
|
|
|a 105, [3] s.
|b ilustrácie, tabuľky
|c 21 cm
|
| 366 |
|
|
|e 4000 kusov
|
| 650 |
0 |
7 |
|a vyučovanie
|2 SNKPH
|9 1522
|
| 650 |
0 |
7 |
|a vyučovacie metódy
|2 SNKPH
|9 1521
|
| 650 |
0 |
7 |
|a základné školy
|2 SNKPH
|9 1280
|
| 655 |
|
7 |
|a metodické príručky
|2 SNKPH
|9 70250
|
| 852 |
|
|
|a Slovenská národná knižnica
|
| 954 |
|
|
|a odborná, vedecká literatúra pôvodná (slovenská)
|2 lita
|
| 958 |
|
|
|a RK
|
| 958 |
|
|
|a TL
|
| 958 |
|
|
|a OND
|
| 958 |
|
|
|a EUIPO
|
| 999 |
|
|
|c 1165578
|d 1167508
|
| 952 |
|
|
|a SNK
|b SNK
|y PREZ
|7 0
|p 17A0772584
|o snkSC 6489
|i snk1183/55
|0 0
|1 0
|4 0
|d 2019-05-10
|f 1
|l 0
|r 2025-07-04 00:00:00
|w 2026-02-24
|